Top 25 : Barcelona ist viel mehr = è molto di più Barcelona ist viel mehr = è molto di più
Descripción Física:
1 f. plegat en 10 parts ; il. col. ; 21 cm.
Idioma:
Catalán , German , Italian
MARC
| LEADER | 00000nam a22000007a 4500 | ||
|---|---|---|---|
| 001 | 27469 | ||
| 003 | Arxiu | ||
| 005 | 20260324181154.0 | ||
| 008 | 230306b spa||||| |||| 00| 0 cat d | ||
| 017 | |a B 2403-2019 | ||
| 040 | |a agdb |b cat | ||
| 041 | |a ger |a ita | ||
| 110 | 2 | |9 51655 |a Turisme de Barcelona | |
| 245 | |a Top 25 : |b Barcelona ist viel mehr = è molto di più | ||
| 260 | |a Barcelona : |b Barcelona Turisme : |b Diputació de Barcelona ; |c 2019 | ||
| 300 | |a 1 f. plegat en 10 parts ; |b il. col. ; |c 21 cm. | ||
| 610 | 2 | 0 | |9 51323 |a Barcelona és Molt Més |e marca turística |
| 651 | 0 | |9 52676 |a Barcelona (Catalunya : Província) |v Guies | |
| 710 | 1 | |a Barcelona (Catalunya : Província). |b Diputació |9 52408 | |
| 942 | |2 udc |c ARXIU |n 1 | ||
| 952 | |0 0 |1 0 |2 udc |4 0 |6 FU74107 |7 1 |9 65469 |a Arxiu |b Arxiu |d 2023-03-06 |l 0 |o FU-74-107 |p 27469 |r 2023-03-06 00:00:00 |w 2023-03-06 |y ARXIU | ||
| 999 | |c 83144 |d 83144 | ||